| 000 | 00946nam0a22002651 4500 | ||
|---|---|---|---|
| 001 | rc\3294271 | ||
| 005 | 20250609174102.0 | ||
| 035 | _a(NLR Aleph) 007405261 | ||
| 090 |
_a6756567 _c6756567 |
||
| 100 | _a20130115d1970 |||y0rusy50 ca | ||
| 101 | 0 | _arus | |
| 102 | _aRU | ||
| 105 | _aa z ||||| | ||
| 200 | 1 |
_aОпределение и анализ возмущенного движения летательных аппаратов по результатам летных испытаний _fМ-во обороны СССР |
|
| 210 |
_a[Москва] _cБ. и. _d1970 |
||
| 215 |
_a80 с. _cил. _d21 |
||
| 309 | _aОтпеч. множит. аппаратом | ||
| 320 | _aБиблиогр.: с. 79 | ||
| 333 | _aДля служебного пользования. Экз. № 6 | ||
| 700 | 1 |
_aШмыголь _bС.С. |
|
| 801 | 0 |
_aRU _bNLR _gpsbo |
|
| 801 | 1 |
_aRU _bELAR _2rusmarc |
|
| 852 |
_aNLR _j50К/25265 |
||
| 942 | _cBOOK | ||
| 980 | _aNB | ||